Приключения Алисы: в 6 книгах; сборник: для детей; Книга 5; Гай-до

Podrobná bibliografie
Hlavní autor: Булычев К. Кир
Další autoři: Мигунов Е. (иллюстратор)
Jazyk:ruština
Vydáno: Пушкино, Культура, 1992
Témata:
Médium: MixedMaterials Kniha
KOHA link:https://koha.lib.tpu.ru/cgi-bin/koha/opac-detail.pl?biblionumber=133958

MARC

LEADER 00000nam1a2200000 4500
001 133958
005 20231101220448.0
010 |a 5715800269 
020 |a RU  |b 92-19081 
035 |a (RuTPU)RU\TPU\book\145201 
090 |a 133958 
100 |a 20080325d1992 d y0rusy5003 ca 
101 0 |a rus 
200 1 |a Приключения Алисы  |e в 6 книгах  |e сборник: для детей  |h Книга 5  |i Гай-до  |f К. Булычев  |g худож. Е. Мигунов 
210 |a Пушкино  |c Культура  |d 1992 
215 |a 219,[2] с.  |c ил.  |d 20 см 
327 1 |a Содерж.: Чудовище у родника; Вокруг света за три часа; Это вам не яблочный компот!; Клад Наполеона; Гай-до; Узники "Ямагири-мару" 
610 1 |a Научно-фантастические романы и рассказы 
610 1 |a детская литература 
675 |a Р2  |z rus 
700 1 |a Булычев  |b К.  |c писатель-фантаст, драматург, сценарист и литературовед, историк, востоковед, фалерист  |c доктор исторических наук  |c настоящее имя Можейко Игорь Всеволодович)  |f 1934-2003  |g Кир  |2 stltpush  |3 (RuTPU)RU\TPU\pers\43878  |9 21735 
702 1 |a Мигунов  |b Е.  |4 440 
801 0 |a RU  |b RuMRKP  |c 19950417  |g psbo 
801 1 |a RU  |b 63413507  |c 20080325  |g PSBO 
801 2 |a RU  |b 63413507  |c 20190627  |g PSBO 
942 |c BK